Construction on solid foundation (Record no. 70650)

MARC details
000 -LEADER
fixed length control field 00901cam a2200205 4500
001 - CONTROL NUMBER
control field WB3824-01
008 - FIXED-LENGTH DATA ELEMENTS--GENERAL INFORMATION
fixed length control field 020702n2002 000 0 eng u
035 ## - SYSTEM CONTROL NUMBER
System control number (Sirsi) u118637
245 ## - TITLE STATEMENT
Title Construction on solid foundation
260 ## - PUBLICATION, DISTRIBUTION, ETC.
Date of publication, distribution, etc. 2002
490 ## - SERIES STATEMENT
Series statement RICS Press Release
Volume/sequential designation (pr075) 1 July 2002, (2)
520 ## - SUMMARY, ETC.
Summary, etc. The latest RICS Construction Survey for the second quarter 2002 indicates that the UK construction industry is recovering from the post September 11 dip with 21% more surveyors reporting a rise in workloads than a fall. The growth is mainly attributed to the private housing sector. http://www.rics.org/ricscms/bin/show?class=PressRelease&template=/includes/showpr.html&id=763
590 ## - LOCAL NOTE (RLIN)
Local note WB
650 ## - SUBJECT ADDED ENTRY--TOPICAL TERM
Topical term or geographic name entry element PRIVATE HOUSING SECTOR
650 ## - SUBJECT ADDED ENTRY--TOPICAL TERM
Topical term or geographic name entry element RICS SURVEYS
650 ## - SUBJECT ADDED ENTRY--TOPICAL TERM
Topical term or geographic name entry element CONSTRUCTION OUTPUT
650 ## - SUBJECT ADDED ENTRY--TOPICAL TERM
Topical term or geographic name entry element CONSTRUCTION INDUSTRY
690 ## - LOCAL SUBJECT ADDED ENTRY--TOPICAL TERM (OCLC, RLIN)
Topical term or geographic name as entry element BUILT ENVIRONMENT
942 ## - ADDED ENTRY ELEMENTS (KOHA)
Suppress in OPAC 0
Holdings
Withdrawn status Lost status Source of classification or shelving scheme Damaged status Not for loan Home library Current library Shelving location Date acquired Total Checkouts Full call number Barcode Date last seen Copy number Price effective from Koha item type
    Dewey Decimal Classification     London London News article 02/07/2002   WB3824-01 118637-1001 06/08/2019 1 06/08/2019 News article